Tiếp cận không gian : Vấn đề khái niệm và sự phân loại /

Сохранить в:
Библиографические подробности
Главный автор: Nguyễn Văn Sửu.
Формат: Статья
Язык:Vietnamese
Предметы:
Метки: Добавить метку
Нет меток, Требуется 1-ая метка записи!
Thư viện lưu trữ: Thư viện Trường Đại học Đà Lạt
LEADER 00782nam a2200265 4500
001 DLU130147585
005 ##20130515
040 # # |a DLU  |b vie 
041 # # |a vie 
044 # # |a vn 
100 # # |a Nguyễn Văn Sửu. 
245 # # |a Tiếp cận không gian :  |b Vấn đề khái niệm và sự phân loại /  |c Nguyễn Văn Sửu. 
653 # # |a Cá nhân 
653 # # |a Công cộng 
653 # # |a Môi trường sinh thái 
773 # # |t Tạp chí Dân tộc học   |g Số 3(171), 2011, tr. 58-64 
920 # # |a Phòng Tạp chí -- Trung tâm Thông tin - Thư viện Trường Đại học Đà Lạt 
994 # # |a DLU 
900 # # |a True 
911 # # |a Nguyễn Thị Linh Chi 
925 # # |a G 
926 # # |a A 
927 # # |a BB 
980 # # |a Thư viện Trường Đại học Đà Lạt